Indira-JP confrontation : the great debate /

Saved in:
Bibliographic Details
Main Author: Karanjia, Rustom Khurshedji, 1912-
Format: Book
Language:English
Published: New Delhi : Chetana Publications, 1975.
Edition:1st ed.
Subjects:
LEADER 00939nam a2200241 i 4500
001 c000234304
003 CARM
005 00000000000000.0
008 840229s1975 ii 0 eng d
019 1 |a 165840  |5 LACONCORD2021 
035 |a (OCoLC)1931574  |5 LACONCORD2021 
082 0 4 |a 320.9/54/05 
100 1 |a Karanjia, Rustom Khurshedji,  |d 1912- 
245 1 0 |a Indira-JP confrontation :  |b the great debate /  |c R. K. Karanjia ; foreword by D. K. Borooah. 
250 |a 1st ed. 
260 |a New Delhi :  |b Chetana Publications,  |c 1975. 
300 |a 128 p. ;  |c 22 cm. 
600 1 0 |a Gandhi, Indira,  |d 1917-1984. 
600 1 0 |a Narayan, Jayaprakash,  |d 1902-1979. 
651 0 |a India  |x Politics and government  |y 1947- 
852 8 |b CARM  |h A2:AP12G0  |i B06913  |p 0333593  |f BK 
999 f f |i 54231115-9269-5b2c-9da0-948b2675e72a  |s e282fa29-1297-5d24-9889-2d6181823786 
952 f f |p Can circulate  |a CAVAL  |b CAVAL  |c CAVAL  |d CARM 1 Store  |e B06913  |f A2:AP12G0  |h Other scheme  |i book  |m 0333593